00537 2200193 4500001002100000005001500021035002000036008004100056082000700097090001300104100001900117245008100136260003200217300003800249650001600287084001300303250001100316990001600327INLIS00000000000277320260509034915 a0010-0521002773260509 g 0 dut  a92 a92 SCH a0 aSCHIERBEEK, A.1 aAntoni van Leeuwenhoek : zijn leven en zijn werken. Deel II /cA. Schierbeek aLochem :bTijdstroom,c1951 ap. 293 - 526 p. :bill. ;c25 cm. 4aBIOGRAPHIES a92 SCH a aDeel 2 a00000005642